000 00288nam a22001217a 4500
008 160507b xxu||||| |||| 00| 0 eng d
020 _a9780763708375
020 _a0763708372
041 _aeng
080 _a573
245 _abBiology understanding life:
_cSandra Alters;
942 _2udc
_cBK
999 _c1915
_d1915